000 00924nam a2200217 a 4500
001 000003150
005 20200929150338.0
008 721221s1977 ag b 000 0 spa
040 _aDO-SdBNP
_bspa
_cBNPHU
082 _a810.9
_bP467r
245 0 0 _aPerspectivas regionales :
_brevisión del legado literario de Estados Unidos /
_crecopilador, John Gordon Burke; traducción, Manuel Barberá; editado por American Library Association.
260 _aBuenos Aires :
_bLas Paralelas,
_c1977.
300 _a381 p. ;
_c21 cm.
534 _aRegional perspectives an examination of America's literary heritage. /
500 _aIncluye notas a pie de páginas.
650 4 _aLiteratura estadounidense
_xHistoria y crítica
_96786
650 4 _aLiteratura y sociedad
_zEstados Unidos
_99938
700 1 _aGordon Burke, John
_erecop.
_99939
700 1 _aBarberá, Manuel
_etr.
_99940
710 1 _aAmerican Library Association,
_eed.
_99941
999 _c2981
_d2981